[Event "Santo Domingo Summer op"]
[Site "Santo Domingo"]
[Date "2015.07.24"]
[Round "5"]
[White "Tineo Bautista, Federico Antonio"]
[Black "Lugo Matos, Richards Reynier"]
[Result "1/2-1/2"]
[WhiteElo "2095"]
[BlackElo "2198"]
[PlyCount "83"]
[EventDate "2015.07.17"]
[EventType "swiss"]
[EventRounds "8"]
[EventCountry "DOM"]
[SourceTitle "EXT 2016"]
[Source "ChessBase"]
[SourceDate "2015.10.08"]
[SourceVersion "1"]
[SourceVersionDate "2015.10.08"]
[SourceQuality "1"]

1. e4 e6 2. Nc3 d5 3. Nf3 Nc6 4. Bb5 a6 5. Bxc6+ bxc6 6. 0-0 d4 7. Ne2 c5 8. d3 Ne7 9. Ne5 f6 10. Nc4 Nc6 11. f4 g6 12. Bd2 a5 13. Ng3 f5 14. exf5 exf5 15. Qf3 Ra6 16. Rae1+ Be7 17. a4 0-0 18. b3 Bf6 19. Nh1 Bb7 20. Qe2 Nb4 21. Bxb4 cxb4 22. Ng3 Qd5 23. Qf3 Qxf3 24. gxf3 Bd5 25. Ne5 Re8 26. Nd7 Rxe1 27. Rxe1 Bxf3 28. Kf2 Bd5 29. Nxf6+ Rxf6 30. Re5 Rd6 31. Ne2 c5 32. Re7 h6 33. Ra7 g5 34. Rxa5 Rc6 35. Ra7 Bf7 36. Ng3 Bg6 37. Rb7 gxf4 38. Ne2 h5 39. a5 Kf8 40. Nxf4 Be8 41. Nd5 Rc8 42. Nb6 1/2-1/2

[Event "Santo Domingo Summer op"]
[Site "Santo Domingo"]
[Date "2015.07.19"]
[Round "4"]
[White "Tineo Bautista, Federico Antonio"]
[Black "Rodriguez Nunez, Jose Altagracia"]
[Result "1-0"]
[WhiteElo "2095"]
[BlackElo "2193"]
[PlyCount "123"]
[EventDate "2015.07.17"]
[EventType "swiss"]
[EventRounds "8"]
[EventCountry "DOM"]
[SourceTitle "EXT 2016"]
[Source "ChessBase"]
[SourceDate "2015.10.08"]
[SourceVersion "1"]
[SourceVersionDate "2015.10.08"]
[SourceQuality "1"]

1. e4 c5 2. Nf3 a6 3. Nc3 e6 4. Be2 b5 5. 0-0 Bb7 6. d3 d6 7. Re1 Nd7 8. Bf1 Be7 9. Bf4 g5 10. Bg3 h5 11. h3 g4 12. hxg4 hxg4 13. Nh2 Ngf6 14. Nxg4 Nxg4 15. Qxg4 Nf6 16. Qe2 Nh5 17. Bh2 Bg5 18. g3 Qf6 19. f4 Bxf4 20. gxf4 0-0-0 21. Qe3 Rdg8+ 22. Bg2 Qh4 23. Ne2 e5 24. fxe5 Kd8 25. e6 f5 26. Bxd6 fxe4 27. e7+ Ke8 28. Qf2 Nf4 29. Qxh4 Rxg2+ 30. Kf1 Rxh4 31. Nxf4 Rxc2 32. Ne2 e3 33. Ng3 Rf2+ 34. Kg1 Rg2+ 35. Kf1 Rf2+ 36. Kg1 Rf3 37. Ne4 Rg4+ 38. Kh2 Bxe4 39. dxe4 Rf6 40. Bg3 Rf3 41. Rg1 Rxe4 42. Kg2 Rf7 43. Rgf1 Rg7 44. Rae1 Rgxe7 45. Rf5 c4 46. Re2 Rd4 47. Re5 Rd3 48. Kf3 c3 49. b3 b4 50. Rxe7+ Kxe7 51. Rxe3+ Rxe3+ 52. Kxe3 Kd7 53. Kd3 Kc6 54. Kc4 a5 55. Bf4 Kb6 56. Kd5 Kb5 57. Be3 a4 58. Bc1 axb3 59. axb3 Kb6 60. Kc4 Ka5 61. Kc5 c2 62. Kc4 1-0